000 00357nam a22001577a 4500
003 MACL
005 20170106163653.0
008 170106b xxu||||| |||| 00| 0 eng d
040 _cMACL
050 _b500
100 _aNCERT
_94590
245 _aScience for Class Vlll
260 _aDelhi
_bNCERT
_c2008
650 _ascience
_966414
942 _2ddc
_cBK
_k500
999 _c55739
_d55739